| 000 | 01556cam a22002891i 4500 | ||
|---|---|---|---|
| 003 | SA-RiAUC | ||
| 005 | 20250408064939.0 | ||
| 008 | 250407s1997 jo f b f100r0 ara c | ||
| 040 |
_aSA-JeALM _bara _cSA-RiAUC _erda |
||
| 082 | 0 | 4 |
_a253.902 _qSA-RiAUC |
| 090 |
_a253.902 _b ن د و |
||
| 111 | 2 |
_aندوة أهمية الأوقاف الإسلامية في عالم اليوم _d(1996 : _cلندن) |
|
| 245 | 1 | 0 |
_aأهمية الأوقاف الإسلامية في عالم اليوم : _bبحوث ومناقشات الندوة التي عقدت في لندن، 1417 هـ. / 1996 م. / _c[تنظيم] مؤسسة آل البيت، المجمع الملكي لبحوث الحضارة الإسلامية. |
| 264 | 1 |
_aعمان، الأردن : _bالمجمع الملكي لبحوث الحضارة الإسلامية، مؤسسة آل البيت، _c1997 |
|
| 300 |
_a622 صفحة ؛ _c24 سم. |
||
| 336 |
_aنص _btxt _2rdacontent _3كتاب |
||
| 337 |
_aبدون وسيط _bn _2rdamedia |
||
| 338 |
_aمجلد _bnc _2rdacarrier |
||
| 490 | 0 | _aسلسلة ندوات الحوار بين المسلمين ؛ | |
| 504 | _aيشتمل على إرجاعات ببليوجرافية. | ||
| 650 | 7 |
_aالوقف _vمؤتمرات _2aucsh |
|
| 650 | 7 |
_aالوقف _xجوانب اجتماعية _vمؤتمرات _2aucsh |
|
| 650 | 7 |
_aالوقف _xجوانب اقتصادية _vمؤتمرات _2aucsh |
|
| 710 | 2 |
_aالمجمع الملكي لبحوث الحضارة الإسلامية _eمنظم. |
|
| 942 |
_2ddc _cBOOK _n0 |
||
| 949 |
_aSA-JeALM _d250407 _uosman123 _n1 |
||
| 999 |
_c6765 _d6765 |
||